Samonienen/Tollmingkehmen
| Titel: | Samonienen/Tollmingkehmen : über die bäuerliche Zucht des Warmbluts Trakehner Abstammung in und um Tollmingkehmen ; Lebenswelten im ländlichen Ostpreußen im früheren Preußisch Litthauen (Regierungs-Bezirk Gumbinnen) ; mit e. Reprint des Deckregisters 1944 der Deckstation Tollmingkehmen des Landgestüts Georgenburg / von Wolfgang Rothe und Daniela Wiemer |
|---|---|
| Verfasser: | |
| Beteiligt: | |
| Ausgabe: | 1. Aufl. |
| Veröffentlicht: | Essen : Wolfgang Rothe, 2011 |
| Umfang: | 352 S. : zahlr. Ill. |
| Format: | Buch |
| Sprache: | Deutsch |
| ISBN: | 9783981189629 |
| Hinweise zum Inhalt: |
Inhaltsverzeichnis
|
alg: 28410730 001A $03004:01-12-11 001B $06055:18-03-26 $t19:41:55.000 001C $06060:19-11-14 $t00:51:29.000 001D $03004:01-12-11 001U $0utf8 001X $00 002@ $0Aau 003@ $0284107301 003O $0765217089 $aOCoLC 004A $A978-3-9811896-2-9 007A $0284107301 $aHEB 007G $0DE02010DF866730649DFDC125796400514972 007T $0Herdhh284107301 009P $qapplication/pdf $A2 $3Inhaltsverzeichnis $uhttp://scans.hebis.de/HEBCGI/show.pl?28410730_toc.pdf $mV:DE-603;B:DE-Mb50 010@ $ager 011@ $a2011 013H $0z 021A $aSamonienen/Tollmingkehmen $düber die bäuerliche Zucht des Warmbluts Trakehner Abstammung in und um Tollmingkehmen ; Lebenswelten im ländlichen Ostpreußen im früheren Preußisch Litthauen (Regierungs-Bezirk Gumbinnen) ; mit e. Reprint des Deckregisters 1944 der Deckstation Tollmingkehmen des Landgestüts Georgenburg $hvon Wolfgang Rothe und Daniela Wiemer 028A $#Rothe, Wolfgang H. A. $7 $8Rothe, Wolfgang [Tnd] $9140055177 028B/01 $71060578735 $8Wiemer, Daniela$Z1967- [Tp1] $9349698228 032@ $a1. Aufl. 033A $pEssen $nWolfgang Rothe 034D $a352 S. 034M $azahlr. Ill. 044K $RWoiwodschaft Allenstein $RWoiwodschaft Ermland-Masuren $#Warmia $#Warmien $#Ermeland $#Varmė $#Wārmi $D20251120 $Ecgmnf $74015327-7 $8Ermland [Tg1] $9085034932 044K $#Königsberg Preußen $#Königsberg i. Pr. $#Königsberg Pr. $#Königsberg Pr. $#Königsberg in Ostpreußen $#Königsberg Ostpreußen $#Königsberg (Pr.) $#Königsberg Pregel $#Stadtgemeinde Königsberg $#Königsbergk $#Kaliningrad $#Karaliánčins $#Krulevec $#Karaláuczuje $#Królewiec $#Karaliaučius $#Regimontanus $#Regiomontium $#Regiomontum $#Regiomontum Borussiae $#Калининград $D20251120 $Ecgmnf $74031541-1 $8Königsberg [Tg1] $908508364X 044K $#Mazury $D20251120 $Ecgmnf $74037914-0 $8Masuren [Tg1] $9085103527 044K $#Ostpreußen $#Ostpreußen $#Provinz Ostpreußen $D20251120 $Ecgmnf $74075754-7 $8Ostpreußen [Tg1] $9085214493 044K $ROstpreußen $#Kaliningrad (Oblast) $#Kaliningrad $#Oblast Königsberg $#Kaliningradskaja Oblastʹ $#Kaliningrad Oblast $#Obwód Kaliningradzki FR $#Kaliningrad Oblast $#Kaliningrader Gebiet $#Gebiet Kaliningrad $#Kaliningrad Regional Government $D20251120 $Ecgmnf $74400718-8 $8Oblast Kaliningrad [Tg1] $9088529932 044K $#Warminsko-Mazurskie (Woiwodschaft) $#Województwo Warmińsko-Mazurskie $#Ermland-Masuren Woiwodschaft $#Warmińsko-Mazurskie Woiwodschaft $D20251120 $Ecgmnf $74596751-9 $8Woiwodschaft Ermland-Masuren [Tg1] $9092675786 044K $#Tollmingkehmen $#Tschistije Prudi $D20251120 $Ecgmnf $74420618-5 $8Tollmingen [Tg1] $9088653811 044K $RWarmblut $RPferderasse $#Trakehner horse $#Trakehner (race chevaline) $#Ostpreussisches Warmblutpferd $D20251120 $Ecgmnf $74060604-1 $8Trakehner [Ts1] $9085168270 044K $RTierzucht $#Horses Breeding $#Cheval Élevage $#Caballos Cría y explotación $#Pferd Tierzucht $D20251120 $Ecgmnf $74045524-5 $8Pferdezucht [Ts1] $9085127620 045F $a630.943832 $eDDC23BSB 045F/01 $a630.9 045F/03 $g43832 045F/03 $g4793 045F/03 $g4382 lok: 28410730 24 101B $002-12-11 $t11:16:18.000 101C $002-12-11 101U $0utf8 145Z/01 $a6 8 T 76 145Z/02 $a6 13 B exp: 28410730 24 1 #EPN 201B/01 $002-12-11 $t11:16:18.000 201C/01 $001-12-11 201U/01 $0utf8 203@/01 $0634678620 208@/01 $a02-12-11 $bz 209A/01 $a11.09194 $du $f050 $h11 09194 $x00 209C/01 $a11.09194 K $h11 09194 K 209G/01 $a72179145 $x00 220C/01 $ahae 247C/01 $8358050-7Marburg, Bibliothek des Herder-Instituts Marburg $9102600961 lok: 28410730 78 exp: 28410730 78 1 #EPN 201B/01 $019-04-17 $t22:02:33.000 201U/01 $0utf8 203@/01 $0793842859 208@/01 $a12-11-16 $be 209A/01 $a/ $f000 $x00 237A/01 $aweiterführende Signatur(en): Herder-Institut: 11.09194 244Z/01 $2Trx $#Prusy Wschodnie i Zachodnie $8--Trx--Ost- und Westpreußen $x01 $939113373X 244Z/01 $2Trx $#Litauen $#Lithuania $#Litwa $#Litva $#Litva $8--Trx--Lietuva $x02 $9391193457 244Z/01 $2Trx $#Samonienen Goldap $#Klarfließ* $8--Trx--Samoniny$gGołdap $x03 $9391190172 244Z/01 $2Trx $#Tolminkiemis $#Tollmingkehmen Goldap $#Tollmingkiejmy $#Tollmingen* $8--Trx--Čistyje Prudy$gKaliningrad $x04 $939118797X 244Z/01 $2Trx $#Georgenburg $8--Trx--Jurbarkas $x05 $9391197312 244Z/01 $2Trx $#karjakasvatus $#gyvulininkystė ir žvėrininkystė $#cattle-breeding and domestic animals $#szarvasmarha tenyésztés XXX $#hodowla i chów zwierząt $#chov dobytka i zvierat $#chov dobytka a zvířat $#Tierhaltung $#Haustiere $#chów zwierząt $#zwierzęta domowe $#chov zvierat $8--Trx--Viehzucht und Tierhaltung $x06 $939137401X 244Z/01 $2Trx $#põllumajandus $#žemės ūkis $#agriculture $#mezögazdaság $#rolnictwo $#poľnohospodárstvo $#zemědělství $8--Trx--Landwirtschaft $x07 $9391356275 244Z/01 $2Trx $8--Trx--Monographie $x08 $9391384546 245Z/01 $a13.03 $x01 245Z/01 $a09.03 $x02 247C/01 $82080>Marburg/Lahn, Herder-Institut, Forschungsbibliothek, Bibliographieportal $9336309341
| LEADER | 00000cam a2200000 c 4500 | ||
|---|---|---|---|
| 001 | 284107301 | ||
| 003 | DE-603 | ||
| 005 | 20260318194155.0 | ||
| 007 | tu | ||
| 008 | 111201s2011 xx |||| | u00||u|ger c | ||
| 020 | |a 9783981189629 | ||
| 035 | |a (DE-599)HEB284107301 | ||
| 035 | |a (OCoLC)765217089 | ||
| 040 | |a DE-603 |b ger |c DE-603 |d DE-603 | ||
| 041 | |a ger | ||
| 082 | 0 | 4 | |8 1\u |a 630.943832 |q DE-101 |2 23/BSB |
| 085 | |8 1\u |b 630.9 | ||
| 085 | |8 1\u |z 2 |s 43832 | ||
| 085 | |8 1\u |z 2 |s 4793 | ||
| 085 | |8 1\u |z 2 |s 4382 | ||
| 100 | 1 | |a Rothe, Wolfgang |0 (DE-603)140055177 | |
| 245 | 0 | 0 | |a Samonienen/Tollmingkehmen |b über die bäuerliche Zucht des Warmbluts Trakehner Abstammung in und um Tollmingkehmen ; Lebenswelten im ländlichen Ostpreußen im früheren Preußisch Litthauen (Regierungs-Bezirk Gumbinnen) ; mit e. Reprint des Deckregisters 1944 der Deckstation Tollmingkehmen des Landgestüts Georgenburg |c von Wolfgang Rothe und Daniela Wiemer |
| 250 | |a 1. Aufl. | ||
| 264 | 1 | |a Essen |b Wolfgang Rothe |c 2011 | |
| 300 | |a 352 S. |b zahlr. Ill. | ||
| 650 | 7 | |a Trakehner |0 (DE-588)4060604-1 |0 (DE-603)085168270 |2 gnd | |
| 650 | 7 | |a Pferdezucht |0 (DE-588)4045524-5 |0 (DE-603)085127620 |2 gnd | |
| 651 | 7 | |a Ermland |0 (DE-588)4015327-7 |0 (DE-603)085034932 |2 gnd | |
| 651 | 7 | |a Königsberg |0 (DE-588)4031541-1 |0 (DE-603)08508364X |2 gnd | |
| 651 | 7 | |a Masuren |0 (DE-588)4037914-0 |0 (DE-603)085103527 |2 gnd | |
| 651 | 7 | |a Ostpreußen |0 (DE-588)4075754-7 |0 (DE-603)085214493 |2 gnd | |
| 651 | 7 | |a Oblast Kaliningrad |0 (DE-588)4400718-8 |0 (DE-603)088529932 |2 gnd | |
| 651 | 7 | |a Woiwodschaft Ermland-Masuren |0 (DE-588)4596751-9 |0 (DE-603)092675786 |2 gnd | |
| 651 | 7 | |a Tollmingen |0 (DE-588)4420618-5 |0 (DE-603)088653811 |2 gnd | |
| 700 | 1 | |a Wiemer, Daniela |d 1967- |0 (DE-603)349698228 |0 (DE-588)1060578735 |2 gnd | |
| 856 | 4 | 2 | |m V:DE-603;B:DE-Mb50 |q application/pdf |u http://scans.hebis.de/HEBCGI/show.pl?28410730_toc.pdf |3 Inhaltsverzeichnis |
| 924 | 0 | |9 Mb 50 |a (DE-603)634678620 |b DE-Mb50 |c HES |d c |g 11.09194 | |
| 924 | 0 | |9 2080 |a (DE-603)793842859 |b DE-2080 |c HES |d d |g / | |


